History of education in India (Record no. 792)
[ view plain ]
| 000 -LEADER | |
|---|---|
| fixed length control field | 00870 a2200229 4500 |
| 008 - FIXED-LENGTH DATA ELEMENTS--GENERAL INFORMATION | |
| fixed length control field | 080821t xxu||||| |||| 00| 0 eng d |
| 010 ## - LIBRARY OF CONGRESS CONTROL NUMBER | |
| LC control number | ENG-84950 |
| 020 ## - INTERNATIONAL STANDARD BOOK NUMBER | |
| International Standard Book Number | 8174871195 |
| Terms of availability | 450.00 |
| 035 ## - SYSTEM CONTROL NUMBER | |
| System control number | EN-68483 |
| 037 ## - SOURCE OF ACQUISITION | |
| Source of stock number/acquisition | D.B.Act / Pub |
| 082 ## - DEWEY DECIMAL CLASSIFICATION NUMBER | |
| Classification number | 370.954 |
| 245 ## - TITLE STATEMENT | |
| Title | History of education in India |
| Statement of responsibility, etc | edited by S. R. Vashist |
| 246 ## - VARYING FORM OF TITLE | |
| Title proper/short title | Education in India |
| 260 ## - PUBLICATION, DISTRIBUTION, ETC. (IMPRINT) | |
| Place of publication, distribution, etc | New Delhi |
| Name of publisher, distributor, etc | Radha Publications |
| Date of publication, distribution, etc | 2007 |
| 270 ## - ADDRESS | |
| Address | 4231/1, Ansari Road, Darya Ganj, |
| City | New Delhi |
| State or province | Delhi |
| Postal code | 110002 |
| Telephone number | 23254306 |
| 300 ## - PHYSICAL DESCRIPTION | |
| Extent | vi, 221 p. |
| Dimensions | 22 cm (Hb) |
| 500 ## - GENERAL NOTE | |
| General note | Includes index |
| 650 ## - SUBJECT ADDED ENTRY--TOPICAL TERM | |
| Topical term or geographic name as entry element | Education |
| General subdivision | history |
| Geographic subdivision | India |
| 700 ## - ADDED ENTRY--PERSONAL NAME | |
| Personal name | Vashist, S. R. |
| 942 ## - ADDED ENTRY ELEMENTS (KOHA) | |
| Institution code [OBSOLETE] | dpl |
| Koha item type | English Books |
| Call number prefix | 370.954 / HIS |
| Source of classification or shelving scheme | Dewey Decimal Classification |
| Classification part | 370.954 |
| Call number suffix | HIS |
| Withdrawn status | Lost status | Damaged status | Not for loan | Home library | Current library | Date acquired | Cost, normal purchase price | Total Checkouts | Full call number | Barcode | Date last seen | Copy number | Uniform Resource Identifier | Cost, replacement price | Price effective from | Koha item type |
|---|---|---|---|---|---|---|---|---|---|---|---|---|---|---|---|---|
| D.B.Act.Division | D.B.Act.Division | 21/08/2008 | 450.00 | 370.954 HIS | EN-68483 | 15/09/2008 | 1 | 760 | 450.00 | 15/09/2008 | English Books |
